| 000 | 00916nam a22002417a 4500 | ||
|---|---|---|---|
| 999 |
_c21224 _d21224 |
||
| 003 | AR-CdUCM | ||
| 008 | 190322b ||||| |||| 00| 0 spa d | ||
| 040 |
_aMUNICIPALIDAD PROVINCIAL DEL CUSCO _cBIBLIOTECA MUNICIPAL DEL CUSCO |
||
| 082 |
_a551.49 / U42 _bU42 |
||
| 110 |
_aUniversidad Nacional del Altiplano _944314 |
||
| 245 | _aPesquisa científica para o desenvolvimiento / | ||
| 260 |
_aCusco : _bKopy Graf, _c2017. |
||
| 300 |
_a99 páginas ; _bilustraciones, _c20 cm. |
||
| 500 | _aTexto en idioma Portugués. | ||
| 505 | _aContenido : Impacto dos lixiviados no aterro em águas subterraneas de quitasol Abancay -- Volume de leite materno como resultado da alimentacao ... | ||
| 650 |
_aAgua _919441 |
||
| 650 |
_aCaptación _922734 |
||
| 650 |
_aSubterránea _922735 |
||
| 650 |
_aTécnicas _9975 |
||
| 710 |
_aEscuela de Posgrado Programa de Idiomas _944315 |
||
| 942 |
_2ddc _cLIBROS |
||
| 945 | _aRoel | ||